000
00265nam a22001217a 4500
008
180316b xxu||||| |||| 00| 0 eng d
041
_a
eng
080
_2
3rd
_a
51
100
_a
37
101
_a
MAT
245
_a
Prealgebra a worktext
_c
Wright,D.F
942
_2
udc
_c
BK
999
_c
45241
_d
45241